| 000 | 00659cab a2200217 4500 | ||
|---|---|---|---|
| 001 | WB2840-12 | ||
| 008 | 090401t1992 xxu||||| |||| 00| 0 eng d | ||
| 035 | _a(Sirsi) u38904 | ||
| 041 | _aeng | ||
| 245 | _aTransatlantic link formed | ||
| 260 | _c1992 | ||
| 350 | _a0 | ||
| 490 |
_aEuroProperty _vOctober 1992, 3(1) |
||
| 520 | _aDebenham Tewson & Chinnocks has formed an alliance with CB Commercial, the largest property agent and adviser in the United States. | ||
| 650 | _aDEBENHAM TEWSON AND CHINNOCKS | ||
| 650 | _aPROPERTY ADVISERS | ||
| 650 | _aUNITED STATES | ||
| 690 | _aPROPERTY-COMMERCIAL PROPERTY | ||
| 942 | _n0 | ||
| 948 | _c04/03/1997 | ||
| 999 |
_c24949 _d24949 |
||